Bình luận khoa học bộ luật hình sự Phần các tội phạm

Saved in:
Bibliographic Details
Main Author: Đinh, Văn Quế
Format: Book
Language:Undetermined
Published: Tp. Hồ Chí Minh Nxb Tp. Hồ Chí Minh 2005
Subjects:
Tags: Add Tag
No Tags, Be the first to tag this record!
Institutions: Trung tâm Học liệu Trường Đại học Cần Thơ
LEADER 00603nam a2200193Ia 4500
001 CTU_91898
008 210402s9999 xx 000 0 und d
020 |c 29000 
082 |a 364 
082 |b Qu250/T.3 
100 |a Đinh, Văn Quế 
245 0 |a Bình luận khoa học bộ luật hình sự Phần các tội phạm 
245 0 |c Đinh Văn Quế 
260 |a Tp. Hồ Chí Minh 
260 |b Nxb Tp. Hồ Chí Minh 
260 |c 2005 
650 |a Criminology,Vietnam criminal law 
904 |i Nguyên 
980 |a Trung tâm Học liệu Trường Đại học Cần Thơ